|
|
|
|
| LEADER |
00000nam a2200000 i 4500 |
| 001 |
1/75753 |
| 008 |
970128s1990 gre d |
| 020 |
|
|
|a 960-256-041-X
|
| 035 |
|
|
|a 1992
|b 2
|c Δωρεά
|l 10032212
|
| 040 |
|
|
|a GR-MY-UA
|b gre
|e aacr
|
| 041 |
0 |
|
|a gre
|
| 082 |
0 |
|
|a 370.1
|
| 100 |
1 |
|
|a Ανδρέου, Αποστόλης.
|
| 245 |
1 |
0 |
|a Οργάνωση και διοίκηση του εκπαιδευτικού συστήματος :
|b θεωρητική προσέγγιση - ιστορική επισκόπηση /
|c Αποστόλης Ανδρέου, Γιώργος Παπακωνσταντίνου
|
| 260 |
|
|
|a Αθήνα :
|b Εξάντας,
|c 1990
|
| 300 |
|
|
|a 108 σ.
|
| 650 |
0 |
0 |
|a Education
|z Greece.
|
| 650 |
0 |
0 |
|a Education
|x Aims and objectives.
|
| 700 |
1 |
|
|a Παπακωνσταντίνου, Γιώργος.
|
| 852 |
|
|
|a INST
|b RHODES
|e 19970128
|h 370.1 ΑΝΔ
|p 005400010475
|q 005400010475
|t BK
|y 0
|
| 901 |
|
|
|a BIBL4-2000-2
|
| 909 |
|
|
|a Ρ
|b 022184
|c 1992
|
| 922 |
|
|
|a 4ΔΩΡ
|b 199206
|
| 970 |
|
|
|z 2000/08/ΔΕΜΕΝΑΓΑΣ ΠΕΤΡΟΣ
|